1954 College Football AP Poll - Statistics

General Stats
  • This quiz has been taken 12 times
  • The average score is 194 of 243
Answer Stats
Week Rank Answer W L T Conference % Correct
Preseason 14 Alabama 0 0 SEC
100%
Week 5 (10/18) 12 Alabama 4 1 SEC
100%
Week 6 (10/25) 11 Michigan 4 1 Big Ten
100%
Week 9 (11/15) 12 Michigan 6 2 Big Ten
100%
Week 10 (11/22) 14 Michigan 6 3 Big Ten
100%
Week 11 (11/29) 15 Michigan 6 3 Big Ten
100%
Preseason 20 Ohio State 0 0 Big Ten
100%
Week 2 (9/27) 14 Ohio State 1 0 Big Ten
100%
Week 3 (10/4) 10 Ohio State 2 0 Big Ten
100%
Week 4 (10/11) 4 Ohio State 3 0 Big Ten
100%
Week 5 (10/18) 4 Ohio State 4 0 Big Ten
100%
Week 6 (10/25) 1 Ohio State 5 0 Big Ten
100%
Week 7 (11/1) 2 Ohio State 6 0 Big Ten
100%
Week 8 (11/8) 2 Ohio State 7 0 Big Ten
100%
Week 9 (11/15) 1 Ohio State 8 0 Big Ten
100%
Week 10 (11/22) 1 Ohio State 9 0 Big Ten
100%
Week 11 (11/29) 1 Ohio State 9 0 Big Ten
100%
Preseason 2 Oklahoma 0 0 Big Seven
100%
Week 1 (9/20) 1 Oklahoma 1 0 Big Seven
100%
Week 2 (9/27) 2 Oklahoma 2 0 Big Seven
100%
Week 3 (10/4) 1 Oklahoma 2 0 Big Seven
100%
Week 4 (10/11) 1 Oklahoma 3 0 Big Seven
100%
Week 5 (10/18) 1 Oklahoma 4 0 Big Seven
100%
Week 6 (10/25) 2 Oklahoma 5 0 Big Seven
100%
Week 7 (11/1) 3 Oklahoma 6 0 Big Seven
100%
Week 8 (11/8) 3 Oklahoma 7 0 Big Seven
100%
Week 9 (11/15) 3 Oklahoma 8 0 Big Seven
100%
Week 10 (11/22) 3 Oklahoma 9 0 Big Seven
100%
Week 11 (11/29) 3 Oklahoma 10 0 Big Seven
100%
Preseason 4 Texas 0 0 Southwest
100%
Week 1 (9/20) 4 Texas 1 0 Southwest
100%
Week 2 (9/27) 12 Texas 1 1 Southwest
100%
Week 3 (10/4) 15 Texas 2 1 Southwest
100%
Preseason 17 USC 0 0 Pacific Coast
100%
Week 1 (9/20) 15 USC 1 0 Pacific Coast
100%
Week 2 (9/27) 9 USC 2 0 Pacific Coast
100%
Week 3 (10/4) 9 USC 3 0 Pacific Coast
100%
Week 5 (10/18) 17 USC 4 1 Pacific Coast
100%
Week 6 (10/25) 13 USC 5 1 Pacific Coast
100%
Week 7 (11/1) 10 USC 6 1 Pacific Coast
100%
Week 8 (11/8) 8 USC 7 1 Pacific Coast
100%
Week 9 (11/15) 7 USC 8 1 Pacific Coast
100%
Week 10 (11/22) 17 USC 8 2 Pacific Coast
100%
Week 11 (11/29) 17 USC 8 3 Pacific Coast
100%
Week 4 (10/11) 12 Arkansas 3 0 Southwest
90%
Week 5 (10/18) 7 Arkansas 4 0 Southwest
90%
Week 6 (10/25) 4 Arkansas 5 0 Southwest
90%
Week 7 (11/1) 4 Arkansas 6 0 Southwest
90%
Week 8 (11/8) 4 Arkansas 7 0 Southwest
90%
Week 9 (11/15) 9 Arkansas 7 1 Southwest
90%
Week 10 (11/22) 13 Arkansas 7 2 Southwest
90%
Week 11 (11/29) 10 Arkansas 8 2 Southwest
90%
Week 9 (11/15) 18 Auburn 7 1 SEC
90%
Week 10 (11/22) 15 Auburn 7 2 SEC
90%
Week 11 (11/29) 13 Auburn 7 3 SEC
90%
Week 2 (9/27) 20 Florida 1 1 SEC
90%
Week 3 (10/4) 14 Florida 2 1 SEC
90%
Week 5 (10/18) 18 Florida 3 2 SEC
90%
Week 8 (11/8) 20 Georgia 6 1 1 SEC
90%
Preseason 7 Georgia Tech 0 0 SEC
90%
Week 1 (9/20) 5 Georgia Tech 1 0 SEC
90%
Week 4 (10/11) 19 Georgia Tech 3 1 SEC
90%
Week 5 (10/18) 15 Georgia Tech 4 1 SEC
90%
Preseason 5 Illinois 0 0 Big Ten
90%
Week 1 (9/20) 6 Illinois 0 0 Big Ten
90%
Preseason 6 Michigan State 0 0 Big Ten
90%
Week 1 (9/20) 7 Michigan State 0 0 Big Ten
90%
Week 2 (9/27) 13 Michigan State 0 1 Big Ten
90%
Week 3 (10/4) 18 Minnesota 2 0 Big Ten
90%
Week 4 (10/11) 11 Minnesota 3 0 Big Ten
90%
Week 5 (10/18) 8 Minnesota 4 0 Big Ten
90%
Week 7 (11/1) 14 Minnesota 5 1 Big Ten
90%
Week 8 (11/8) 13 Minnesota 6 1 Big Ten
90%
Week 9 (11/15) 10 Minnesota 7 1 Big Ten
90%
Week 10 (11/22) 20 Minnesota 7 2 Big Ten
90%
Week 7 (11/1) 20 Nebraska 4 2 Big Seven
90%
Preseason 1 Notre Dame 0 0 Independent
90%
Week 1 (9/20) 2 Notre Dame 0 0 Independent
90%
Week 2 (9/27) 1 Notre Dame 1 0 Independent
90%
Week 3 (10/4) 8 Notre Dame 1 1 Independent
90%
Week 4 (10/11) 8 Notre Dame 2 1 Independent
90%
Week 5 (10/18) 6 Notre Dame 3 1 Independent
90%
Week 6 (10/25) 6 Notre Dame 3 1 Independent
90%
Week 7 (11/1) 5 Notre Dame 4 1 Independent
90%
Week 8 (11/8) 5 Notre Dame 5 1 Independent
90%
Week 9 (11/15) 4 Notre Dame 6 1 Independent
90%
Week 10 (11/22) 4 Notre Dame 7 1 Independent
90%
Week 11 (11/29) 4 Notre Dame 8 1 Independent
90%
Week 2 (9/27) 10 Penn State 1 0 Independent
90%
Week 3 (10/4) 12 Penn State 2 0 Independent
90%
Week 4 (10/11) 9 Penn State 3 0 Independent
90%
Week 10 (11/22) 19 Penn State 7 2 Independent
90%
Week 11 (11/29) 20 Penn State 7 2 Independent
90%
Preseason 8 UCLA 0 0 Pacific Coast
90%
Week 1 (9/20) 8 UCLA 1 0 Pacific Coast
90%
Week 2 (9/27) 4 UCLA 2 0 Pacific Coast
90%
Week 3 (10/4) 2 UCLA 3 0 Pacific Coast
90%
Week 4 (10/11) 3 UCLA 4 0 Pacific Coast
90%
Week 5 (10/18) 3 UCLA 5 0 Pacific Coast
90%
Week 6 (10/25) 3 UCLA 6 0 Pacific Coast
90%
Week 7 (11/1) 1 UCLA 7 0 Pacific Coast
90%
Week 8 (11/8) 1 UCLA 8 0 Pacific Coast
90%
Week 9 (11/15) 2 UCLA 8 0 Pacific Coast
90%
Week 10 (11/22) 2 UCLA 9 0 Pacific Coast
90%
Week 11 (11/29) 2 UCLA 9 0 Pacific Coast
90%
Preseason 9 Wisconsin 0 0 Big Ten
90%
Week 1 (9/20) 10 Wisconsin 0 0 Big Ten
90%
Week 2 (9/27) 5 Wisconsin 1 0 Big Ten
90%
Week 3 (10/4) 3 Wisconsin 2 0 Big Ten
90%
Week 4 (10/11) 2 Wisconsin 4 0 Big Ten
90%
Week 5 (10/18) 2 Wisconsin 4 0 Big Ten
90%
Week 6 (10/25) 8 Wisconsin 4 1 Big Ten
90%
Week 7 (11/1) 16 Wisconsin 4 2 Big Ten
90%
Week 8 (11/8) 14 Wisconsin 5 2 Big Ten
90%
Week 9 (11/15) 17 Wisconsin 6 2 Big Ten
90%
Week 10 (11/22) 8 Wisconsin 7 2 Big Ten
90%
Week 11 (11/29) 9 Wisconsin 7 2 Big Ten
90%
Preseason 13 Army 0 0 Independent
80%
Week 1 (9/20) 18 Army 0 0 Independent
80%
Week 4 (10/11) 18 Army 2 1 Independent
80%
Week 5 (10/18) 9 Army 3 1 Independent
80%
Week 6 (10/25) 5 Army 4 1 Independent
80%
Week 7 (11/1) 7 Army 5 1 Independent
80%
Week 8 (11/8) 6 Army 6 1 Independent
80%
Week 9 (11/15) 5 Army 7 1 Independent
80%
Week 10 (11/22) 5 Army 7 1 Independent
80%
Week 11 (11/29) 7 Army 7 2 Independent
80%
Preseason 12 California 0 0 Pacific Coast
80%
Week 1 (9/20) 17 California 0 1 Pacific Coast
80%
Week 2 (9/27) 18 California 1 1 Pacific Coast
80%
Preseason 15 Duke 0 0 ACC
80%
Week 1 (9/20) 19 Duke 0 0 ACC
80%
Week 2 (9/27) 7 Duke 1 0 ACC
80%
Week 3 (10/4) 6 Duke 2 0 ACC
80%
Week 4 (10/11) 6 Duke 2 0 1 ACC
80%
Week 5 (10/18) 19 Duke 2 1 1 ACC
80%
Week 6 (10/25) 16 Duke 3 1 1 ACC
80%
Week 7 (11/1) 11 Duke 4 1 1 ACC
80%
Week 10 (11/22) 20 Duke 6 2 1 ACC
80%
Week 11 (11/29) 14 Duke 7 2 1 ACC
80%
Preseason 11 Iowa 0 0 Big Ten
80%
Week 1 (9/20) 12 Iowa 0 0 Big Ten
80%
Week 2 (9/27) 3 Iowa 1 0 Big Ten
80%
Week 3 (10/4) 4 Iowa 2 0 Big Ten
80%
Week 4 (10/11) 13 Iowa 2 1 Big Ten
80%
Week 7 (11/1) 12 Iowa 4 2 Big Ten
80%
Week 8 (11/8) 9 Iowa 5 2 Big Ten
80%
Week 9 (11/15) 19 Iowa 5 3 Big Ten
80%
Week 10 (11/22) 18 Kentucky 7 3 SEC
80%
Week 3 (10/4) 19 Navy 2 0 Independent
80%
Week 4 (10/11) 9 Navy 3 0 Independent
80%
Week 6 (10/25) 15 Navy 4 1 Independent
80%
Week 7 (11/1) 19 Navy 4 2 Independent
80%
Week 8 (11/8) 10 Navy 5 2 Independent
80%
Week 9 (11/15) 7 Navy 6 2 Independent
80%
Week 10 (11/22) 6 Navy 6 2 Independent
80%
Week 11 (11/29) 5 Navy 7 2 Independent
80%
Preseason 18 Oregon 0 0 Pacific Coast
80%
Week 1 (9/20) 16 Oregon 1 0 Pacific Coast
80%
Week 7 (11/1) 20 Pittsburgh 3 3 Independent
80%
Week 2 (9/27) 19 Purdue 1 0 Big Ten
80%
Week 3 (10/4) 5 Purdue 2 0 Big Ten
80%
Week 4 (10/11) 5 Purdue 2 0 1 Big Ten
80%
Week 5 (10/18) 13 Purdue 2 1 1 Big Ten
80%
Week 6 (10/25) 9 Purdue 3 1 1 Big Ten
80%
Week 7 (11/1) 8 Purdue 4 1 1 Big Ten
80%
Week 2 (9/27) 15 South Carolina 1 0 ACC
80%
Week 3 (10/4) 17 Stanford 3 0 Pacific Coast
80%
Week 1 (9/20) 10 Baylor 1 0 Southwest
70%
Week 2 (9/27) 11 Baylor 2 0 Southwest
70%
Week 7 (11/1) 20 Baylor 5 2 Southwest
70%
Week 8 (11/8) 18 Baylor 6 2 Southwest
70%
Week 9 (11/15) 20 Baylor 6 2 Southwest
70%
Week 10 (11/22) 9 Baylor 7 2 Southwest
70%
Week 11 (11/29) 18 Baylor 7 3 Southwest
70%
Preseason 3 Maryland 0 0 ACC
70%
Week 1 (9/20) 3 Maryland 0 0 ACC
70%
Week 2 (9/27) 6 Maryland 1 0 ACC
70%
Week 3 (10/4) 13 Maryland 1 1 ACC
70%
Week 8 (11/8) 17 Maryland 4 2 1 ACC
70%
Week 9 (11/15) 13 Maryland 5 2 1 ACC
70%
Week 10 (11/22) 10 Maryland 6 2 1 ACC
70%
Week 11 (11/29) 8 Maryland 7 2 1 ACC
70%
Week 5 (10/18) 16 Miami 4 0 Independent
70%
Week 6 (10/25) 10 Miami 5 0 Independent
70%
Week 7 (11/1) 6 Miami 6 0 Independent
70%
Week 8 (11/8) 11 Miami 6 1 Independent
70%
Week 9 (11/15) 16 Miami 6 1 Independent
70%
Week 10 (11/22) 11 Miami 7 1 Independent
70%
Week 11 (11/29) 11 Miami 8 1 Independent
70%
Week 1 (9/20) 20 TCU 1 0 Southwest
70%
Week 5 (10/18) 20 TCU 3 2 Southwest
70%
Week 6 (10/25) 17 TCU 4 2 Southwest
70%
Preseason 19 Texas Tech 0 0 Border Conference
70%
Week 1 (9/20) 14 Texas Tech 1 0 Border Conference
70%
Week 2 (9/27) 17 Texas Tech 2 0 Border Conference
70%
Week 4 (10/11) 20 Texas Tech 3 0 1 Border Conference
70%
Week 3 (10/4) 19 VPI 3 0 SoCon
70%
Week 4 (10/11) 16 VPI 3 0 SoCon
70%
Week 5 (10/18) 14 VPI 4 0 SoCon
70%
Week 6 (10/25) 14 VPI 5 0 SoCon
70%
Week 7 (11/1) 18 VPI 5 0 1 SoCon
70%
Week 8 (11/8) 15 VPI 6 0 1 SoCon
70%
Week 9 (11/15) 15 VPI 6 0 1 SoCon
70%
Week 10 (11/22) 16 VPI 7 0 1 SoCon
70%
Week 11 (11/29) 16 VPI 8 0 1 SoCon
70%
Week 4 (10/11) 17 Colorado 4 0 Big Seven
60%
Week 5 (10/18) 11 Colorado 5 0 Big Seven
60%
Week 6 (10/25) 18 SMU 3 1 Southwest
60%
Week 8 (11/8) 19 SMU 4 1 1 Southwest
60%
Week 9 (11/15) 11 SMU 5 1 1 Southwest
60%
Preseason 10 Ole Miss 0 0 SEC
50%
Week 1 (9/20) 9 Ole Miss 1 0 SEC
50%
Week 2 (9/27) 8 Ole Miss 2 0 SEC
50%
Week 3 (10/4) 7 Ole Miss 3 0 SEC
50%
Week 4 (10/11) 7 Ole Miss 4 0 SEC
50%
Week 5 (10/18) 5 Ole Miss 5 0 SEC
50%
Week 6 (10/25) 12 Ole Miss 5 1 SEC
50%
Week 7 (11/1) 9 Ole Miss 6 1 SEC
50%
Week 8 (11/8) 7 Ole Miss 7 1 SEC
50%
Week 9 (11/15) 6 Ole Miss 8 1 SEC
50%
Week 10 (11/22) 7 Ole Miss 8 1 SEC
50%
Week 11 (11/29) 6 Ole Miss 9 1 SEC
50%
Week 3 (10/4) 16 West Virginia 1 0 SoCon
50%
Week 4 (10/11) 14 West Virginia 2 0 SoCon
50%
Week 5 (10/18) 10 West Virginia 3 0 SoCon
50%
Week 6 (10/25) 7 West Virginia 4 0 SoCon
50%
Week 7 (11/1) 17 West Virginia 4 1 SoCon
50%
Week 8 (11/8) 16 West Virginia 5 1 SoCon
50%
Week 9 (11/15) 14 West Virginia 6 1 SoCon
50%
Week 10 (11/22) 12 West Virginia 7 1 SoCon
50%
Week 11 (11/29) 12 West Virginia 8 1 SoCon
50%
Preseason 16 Rice 0 0 Southwest
40%
Week 1 (9/20) 13 Rice 0 0 Southwest
40%
Week 2 (9/27) 16 Rice 1 0 Southwest
40%
Week 3 (10/4) 11 Rice 2 0 Southwest
40%
Week 4 (10/11) 15 Rice 2 1 Southwest
40%
Week 6 (10/25) 19 Rice 3 2 Southwest
40%
Week 7 (11/1) 15 Rice 4 2 Southwest
40%
Week 11 (11/29) 19 Rice 7 3 Southwest
40%
Week 6 (10/25) 20 Cincinnati 6 0 Independent
10%
Week 7 (11/1) 13 Cincinnati 7 0 Independent
10%
Week 8 (11/8) 12 Cincinnati 8 0 Independent
10%
No matching quizzes found
Score Distribution
Percent of People with Each Score
Percentile by Number Answered
Your Score History
You have not taken this quiz